Slovenská verzia Snyderovej škály nádeje: preklad a adaptácia

Bibliographic Details
Main Author: Halama, Peter, 1975- (Author)
Format: Article
Language:Slovak
PhysicalDescription:Tab.
ISSN:0009-062X
Subjects:

MARC

LEADER 00000nab a2200000 a 4500
001 vtls000776557
003 SK-MaSNL
005 20260303182218.0
008 180207c2001 xo 0 slo
015 |a SNBRB2002/01-00079 
035 |a CLN000128343 
040 |a SNKBUCL  |b slo  |c SNKBUCL  |e AACR2 
041 0 |a slo 
044 |a xo  |c SK 
080 |a 159.9.072  |2 1997 
080 |a 159.95  |2 1997 
100 1 |a Halama, Peter,  |d 1975-  |4 aut  |9 227688 
245 1 0 |a Slovenská verzia Snyderovej škály nádeje: preklad a adaptácia  |c Peter Halama 
246 1 1 |a The Slovac version of Snyder's hope scale: translation and adaptation 
300 |b Tab. 
500 |a súčasť riešenia projektu VEGA č. 2/111/21 
504 |a Res. angl., slov. 
504 |a Bibliogr. odkazy 
650 0 7 |a škály psychiatrické posudzovacie  |2 snkbucl  |9 1209667 
650 0 7 |a Snyderova škála nádeje  |2 snkbucl  |9 1209671 
650 0 7 |a sebahodnotenie  |2 snkbucl  |9 21934 
650 0 7 |a poznávanie  |2 snkbucl  |9 17474 
650 0 7 |a dotazníky  |2 snkbucl  |9 19591 
650 0 7 |a reprodukovateľnosť výsledkov  |2 snkbucl  |9 875959 
650 0 7 |a nádej  |2 snkbucl  |9 21935 
655 7 |a články z novín a časopisov  |2 snkbucl  |9 267496 
773 0 |x 0009-062X  |t Československá psychologie  |g Roč. 45, č. 2 (2001), s. 135-141 
850 |a Slovenská národná knižnica v Martine 
852 |a SNK  |b KIS3GCP 
958 |a MI 
958 |a NB 
958 |a RBX 
999 |c 2116144  |d 2118074